Kpop Girl Groups by Picture - Statistics

General Stats
  • This quiz has been taken 1,728 times
  • The average score is 10 of 13
Answer Stats
Picture Answer % Correct
Blackpink
100%
Twice
99%
Itzy
97%
Mamamoo
94%
Red Velvet
93%
Izone
81%
Loona
78%
(G)-idle
75%
Everglow
68%
Gfriend
61%
Stayc
56%
CLC
51%
Apink
39%
No matching quizzes found
Score Distribution
Percent of People with Each Score
Percentile by Number Answered
Your Score History
You have not taken this quiz